<?xml version="1.0" encoding="UTF-8"?>
<record
    xmlns:xsi="http://www.w3.org/2001/XMLSchema-instance"
    xsi:schemaLocation="http://www.loc.gov/MARC21/slim http://www.loc.gov/standards/marcxml/schema/MARC21slim.xsd"
    xmlns="http://www.loc.gov/MARC21/slim">

  <leader>01242nam a22001937a 4500</leader>
  <controlfield tag="008">111117s1963    ua|||||| |||  00| 0ara d </controlfield>
  <datafield tag="082" ind1=" " ind2=" ">
    <subfield code="2">22</subfield>
    <subfield code="a">212</subfield>
    <subfield code="b">&#x642; &#x62A; &#x64A;</subfield>
  </datafield>
  <datafield tag="100" ind1=" " ind2=" ">
    <subfield code="9">27779</subfield>
    <subfield code="a">&#x627;&#x628;&#x646; &#x642;&#x62A;&#x64A;&#x628;&#x629; &#x60C;</subfield>
    <subfield code="q">&#x623;&#x628;&#x64A; &#x645;&#x62D;&#x645;&#x62F; &#x639;&#x628;&#x62F; &#x627;&#x644;&#x644;&#x647; &#x628;&#x646; &#x645;&#x633;&#x644;&#x645; &#x628;&#x646; &#x642;&#x62A;&#x64A;&#x628;&#x629; &#x627;&#x644;&#x62F;&#x64A;&#x646;&#x648;&#x631;&#x64A;</subfield>
  </datafield>
  <datafield tag="245" ind1=" " ind2=" ">
    <subfield code="a">&#x639;&#x64A;&#x648;&#x646; &#x627;&#x644;&#x623;&#x62E;&#x628;&#x627;&#x631; /</subfield>
    <subfield code="c">&#x62A;&#x623;&#x644;&#x64A;&#x641; &#x623;&#x628;&#x64A; &#x645;&#x62D;&#x645;&#x62F; &#x639;&#x628;&#x62F; &#x627;&#x644;&#x644;&#x647; &#x628;&#x646; &#x645;&#x633;&#x644;&#x645; &#x628;&#x646; &#x642;&#x62A;&#x64A;&#x628;&#x629; &#x627;&#x644;&#x62F;&#x64A;&#x646;&#x648;&#x631;&#x64A;</subfield>
  </datafield>
  <datafield tag="260" ind1=" " ind2=" ">
    <subfield code="a">[&#x627;&#x644;&#x642;&#x627;&#x647;&#x631;&#x629;] :</subfield>
    <subfield code="b">&#x627;&#x644;&#x645;&#x624;&#x633;&#x633;&#x629; &#x627;&#x644;&#x645;&#x635;&#x631;&#x64A;&#x629; &#x627;&#x644;&#x639;&#x627;&#x645;&#x629; &#x644;&#x644;&#x62A;&#x623;&#x644;&#x64A;&#x641; &#x648;&#x627;&#x644;&#x62A;&#x631;&#x62C;&#x645;&#x629; &#x648;&#x627;&#x644;&#x637;&#x628;&#x627;&#x639;&#x629; &#x648; &#x627;&#x644;&#x646;&#x634;&#x631; &#x60C; 1963</subfield>
    <subfield code="c">1963</subfield>
  </datafield>
  <datafield tag="300" ind1=" " ind2=" ">
    <subfield code="a">2 &#x645;&#x62C; &#x61B;</subfield>
    <subfield code="c">22 &#x633;&#x645;</subfield>
  </datafield>
  <datafield tag="500" ind1=" " ind2=" ">
    <subfield code="a">&#x64A;&#x634;&#x62A;&#x645;&#x644; &#x639;&#x644;&#x649; &#x643;&#x634;&#x627;&#x641;&#x627;&#x62A;</subfield>
  </datafield>
  <datafield tag="505" ind1=" " ind2=" ">
    <subfield code="a">&#x645;&#x62C;.1&#x60C; &#x643;&#x62A;&#x627;&#x628; &#x627;&#x644;&#x633;&#x644;&#x637;&#x627;&#x646; - &#x643;&#x62A;&#x627;&#x628; &#x627;&#x644;&#x62D;&#x631;&#x628; - &#x643;&#x62A;&#x627;&#x628; &#x627;&#x644;&#x633;&#x624;&#x62F;&#x62F; -- &#x645;&#x62C;3 &#x60C; &#x643;&#x62A;&#x627;&#x628; &#x627;&#x644;&#x625;&#x62E;&#x648;&#x627;&#x646; - &#x643;&#x62A;&#x627;&#x628; &#x627;&#x644;&#x62D;&#x648;&#x627;&#x626;&#x62C; - &#x643;&#x62A;&#x627;&#x628; &#x627;&#x644;&#x637;&#x639;&#x627;&#x645;</subfield>
  </datafield>
  <datafield tag="650" ind1=" " ind2=" ">
    <subfield code="9">15836</subfield>
    <subfield code="a">&#x627;&#x644;&#x623;&#x62E;&#x644;&#x627;&#x642; &#x627;&#x644;&#x625;&#x633;&#x644;&#x627;&#x645;&#x64A;&#x629;</subfield>
  </datafield>
  <datafield tag="653" ind1=" " ind2=" ">
    <subfield code="b">Ara</subfield>
    <subfield code="c">November2011</subfield>
  </datafield>
  <datafield tag="942" ind1=" " ind2=" ">
    <subfield code="2">ddc</subfield>
    <subfield code="c">BB</subfield>
  </datafield>
  <datafield tag="999" ind1=" " ind2=" ">
    <subfield code="c">16225</subfield>
    <subfield code="d">16225</subfield>
  </datafield>
  <datafield tag="952" ind1=" " ind2=" ">
    <subfield code="0">0</subfield>
    <subfield code="1">0</subfield>
    <subfield code="2">ddc</subfield>
    <subfield code="4">0</subfield>
    <subfield code="7">0</subfield>
    <subfield code="8">Alef-Baa</subfield>
    <subfield code="a">MAIN</subfield>
    <subfield code="b">MAIN</subfield>
    <subfield code="c">LOW</subfield>
    <subfield code="d">2011-11-17</subfield>
    <subfield code="e">purchase</subfield>
    <subfield code="o">212 &#x642; &#x62A; &#x64A;</subfield>
    <subfield code="p">000025672</subfield>
    <subfield code="r">2025-07-15 00:00:00</subfield>
    <subfield code="y">BB</subfield>
    <subfield code="z">&#x645;&#x62C;. 3-4</subfield>
  </datafield>
  <datafield tag="952" ind1=" " ind2=" ">
    <subfield code="0">0</subfield>
    <subfield code="1">0</subfield>
    <subfield code="2">ddc</subfield>
    <subfield code="4">0</subfield>
    <subfield code="7">0</subfield>
    <subfield code="8">Alef-Baa</subfield>
    <subfield code="a">MAIN</subfield>
    <subfield code="b">MAIN</subfield>
    <subfield code="c">LOW</subfield>
    <subfield code="d">2011-11-17</subfield>
    <subfield code="e">purchase</subfield>
    <subfield code="o">212 &#x642; &#x62A; &#x64A;</subfield>
    <subfield code="p">000025679</subfield>
    <subfield code="r">2025-07-15 00:00:00</subfield>
    <subfield code="y">BB</subfield>
    <subfield code="z">&#x645;&#x62C; 1-2</subfield>
  </datafield>
</record>
